[Event "Sofia MGU op 164th"]
[Site "Sofia"]
[Date "2016.03.05"]
[Round "1"]
[White "Pavlov, Viktor"]
[Black "Kolev, Lachezar"]
[Result "0-1"]
[WhiteElo "1542"]
[BlackElo "1866"]
[PlyCount "44"]
[EventDate "2016.03.05"]
[EventType "swiss"]
[EventRounds "6"]
[EventCountry "BUL"]
[SourceTitle "CBM 171 Extra"]
[Source "ChessBase"]
[SourceDate "2016.04.26"]
[SourceVersion "1"]
[SourceVersionDate "2016.04.26"]
[SourceQuality "1"]

1. d4 Nf6 2. c4 e6 3. Nc3 Bb4 4. Qc2 c5 5. e3 b6 6. Nf3 Bb7 7. Be2 0-0 8. 0-0 Bxc3 9. Qxc3 Ne4 10. Qc2 d6 11. Nd2 f5 12. Bf3 d5 13. Nxe4 dxe4 14. Be2 cxd4 15. Rd1 d3 16. Bxd3 exd3 17. Rxd3 Qg5 18. f4 Qg6 19. Rd6 Be4 20. Qd2 Nc6 21. b3 Rfd8 22. Rxd8+ Rxd8 0-1

[Event "Sofia MGU op 160th"]
[Site "Sofia"]
[Date "2016.01.10"]
[Round "5"]
[White "Metev, Martin"]
[Black "Pavlov, Viktor"]
[Result "1-0"]
[WhiteElo "2018"]
[BlackElo "1528"]
[PlyCount "55"]
[EventDate "2016.01.09"]
[EventType "swiss"]
[EventRounds "6"]
[EventCountry "BUL"]
[SourceTitle "CBM 170 Extra"]
[Source "ChessBase"]
[SourceDate "2016.02.25"]
[SourceVersion "1"]
[SourceVersionDate "2016.02.25"]
[SourceQuality "1"]

1. e4 c5 2. Nf3 d6 3. d4 cxd4 4. Nxd4 Nf6 5. Nc3 g6 6. Be2 Bg7 7. Be3 Nc6 8. Qd2 0-0 9. 0-0-0 Nxd4 10. Bxd4 Be6 11. f3 a6 12. g4 b5 13. g5 Nd7 14. Bxg7 Kxg7 15. f4 Qa5 16. Kb1 Nb6 17. h4 b4 18. Nd5 Nxd5 19. exd5 Bf5 20. h5 Rfc8 21. Qd4+ Kg8 22. Bd3 Bxd3 23. Qxd3 Rc5 24. hxg6 fxg6 25. Qh3 h5 26. gxh6 Kh7 27. Qe6 Qc7 28. Qe1 1-0

[Event "Sofia An Pasan op 10th"]
[Site "Sofia"]
[Date "2015.10.31"]
[Round "3"]
[White "Pavlov, Viktor"]
[Black "Pavlov, Vladimir1"]
[Result "1-0"]
[WhiteElo "1480"]
[BlackElo "1723"]
[PlyCount "95"]
[EventDate "2015.10.31"]
[EventType "swiss"]
[EventRounds "6"]
[EventCountry "BUL"]
[SourceTitle "CBM 169 Extra"]
[Source "ChessBase"]
[SourceDate "2015.12.18"]
[SourceVersion "1"]
[SourceVersionDate "2015.12.18"]
[SourceQuality "1"]

1. d4 d6 2. c4 e6 3. Nc3 g6 4. Nf3 Bg7 5. Bf4 b6 6. e3 Nd7 7. b4 h6 8. Qc2 Bb7 9. Be2 Ne7 10. Rd1 g5 11. Bg3 0-0 12. c5 d5 13. Nb5 bxc5 14. bxc5 c6 15. Nd6 Qa5+ 16. Qd2 Qxd2+ 17. Kxd2 Bc8 18. Rb1 Ng6 19. Rb3 f5 20. h3 f4 21. Bh2 e5 22. Rhb1 e4 23. Ne1 fxe3+ 24. fxe3 h5 25. Nxc8 Raxc8 26. Bxh5 Rf2+ 27. Kd1 Nh4 28. Bg3 Rxa2 29. Bg4 Nxc5 30. Bxc8 Nxb3 31. Rxb3 Nxg2 32. Nxg2 Rxg2 33. Bd6 Ra2 34. Bb7 Kf7 35. Bc5 Ke6 36. Ra3 Rxa3 37. Bxa3 Kd7 38. Ke2 Kc7 39. Ba6 Kb6 40. Bc8 Bf6 41. Bc5+ Kc7 42. Ba6 Kb8 43. Bd6+ Ka8 44. Kf2 Bd8 45. Kg3 Ba5 46. Be7 Be1+ 47. Kg4 Kb8 48. Bd6+ 1-0

[Event "Tatarstan-ch op"]
[Site "Kazan"]
[Date "2012.09.11"]
[Round "9"]
[White "Pavlov, Viktor"]
[Black "Kurninov, Andrei"]
[Result "1-0"]
[WhiteElo "2003"]
[BlackElo "1704"]
[PlyCount "53"]
[EventDate "2012.09.03"]
[EventType "swiss"]
[EventRounds "9"]
[EventCountry "RUS"]
[SourceTitle "CBM 150 Extra"]
[Source "ChessBase"]
[SourceDate "2012.10.19"]
[SourceVersion "1"]
[SourceVersionDate "2012.10.19"]
[SourceQuality "1"]

1. e4 c5 2. Nf3 g6 3. d4 Bg7 4. Nc3 cxd4 5. Nxd4 Nc6 6. Be3 Nf6 7. Bc4 0-0 8. Bb3 Qa5 9. f3 Qe5 10. Nde2 Rd8 11. Qd2 d5 12. f4 Qc7 13. exd5 Nb4 14. 0-0-0 Nbxd5 15. Nxd5 Nxd5 16. Nc3 e6 17. Nxd5 exd5 18. Bd4 Bf5 19. h3 Be4 20. Qf2 b5 21. Rhe1 Bxd4 22. Rxd4 a5 23. a4 Rab8 24. Qd2 bxa4 25. Bxa4 Qb6 26. Bb3 Qxb3 27. cxb3 1-0

[Event "Tatarstan-ch op"]
[Site "Kazan"]
[Date "2012.09.10"]
[Round "8"]
[White "Pavlov, Viktor"]
[Black "Bulatov, Gali"]
[Result "1-0"]
[WhiteElo "2003"]
[BlackElo "1979"]
[PlyCount "104"]
[EventDate "2012.09.03"]
[EventType "swiss"]
[EventRounds "9"]
[EventCountry "RUS"]
[SourceTitle "CBM 150 Extra"]
[Source "ChessBase"]
[SourceDate "2012.10.19"]
[SourceVersion "1"]
[SourceVersionDate "2012.10.19"]
[SourceQuality "1"]

1. e4 e6 2. Qe2 c5 3. g3 d5 4. d3 dxe4 5. dxe4 Nf6 6. Nf3 Nc6 7. Bg2 e5 8. 0-0 Bg4 9. c3 Qc8 10. Bg5 Be7 11. Na3 h6 12. Bd2 0-0 13. Nc4 b5 14. Ne3 Bh3 15. Nd5 Bxg2 16. Kxg2 Bd8 17. Qxb5 Nxe4 18. Qe2 Nxd2 19. Nxd2 Qb7 20. Nf3 Re8 21. b3 f5 22. Rad1 e4 23. Ne1 Ne5 24. Kg1 Bg5 25. f4 exf3 26. Nxf3 Ng4 27. Qc4 Kh8 28. Nxg5 hxg5 29. Rxf5 Nh6 30. Rxg5 Qc6 31. Qd3 Rad8 32. c4 Rd6 33. Rf1 Rde6 34. Nf4 Qe4 35. Qxe4 Rxe4 36. Rxc5 Rd8 37. Rd5 Rxd5 38. Nxd5 Ng4 39. h3 Ne5 40. Kf2 Nd3+ 41. Kf3 Re8 42. Rd1 Rf8+ 43. Nf4 Nb4 44. a3 Nc2 45. h4 Nxa3 46. Ra1 Nc2 47. Rxa7 Nd4+ 48. Kg4 Rb8 49. b4 Rxb4 50. Rc7 Kh7 51. Rc8 Ra4 52. h5 Rb4 1-0

[Event "Tatarstan-ch"]
[Site "Kazan"]
[Date "2011.12.16"]
[Round "4.25"]
[White "Pavlov, Viktor"]
[Black "Kuznetsova, Darya"]
[Result "1-0"]
[WhiteElo "2010"]
[BlackElo "1725"]
[PlyCount "145"]
[EventDate "2011.12.13"]
[EventType "swiss"]
[EventRounds "9"]
[EventCountry "RUS"]
[SourceTitle "EXT 2022"]
[Source "ChessBase"]
[SourceDate "2021.10.06"]
[SourceVersion "1"]
[SourceVersionDate "2021.10.06"]
[SourceQuality "1"]

1. e4 c5 2. Nf3 e6 3. d3 Nc6 4. g3 Qc7 5. Bg2 Nf6 6. 0-0 d5 7. Re1 Be7 8. e5 Nd7 9. Qe2 0-0 10. c4 d4 11. Bf4 a6 12. Nbd2 h6 13. h4 b6 14. Nf1 Bb7 15. N3h2 Rfe8 16. Ng4 Nf8 17. h5 Qd8 18. Qd2 Nh7 19. Ngh2 b5 20. b3 Qa5 21. Qe2 Rab8 22. Bd2 Qc7 23. Bf4 Qa5 24. Bd2 Qc7 25. Nf3 Ba8 26. cxb5 axb5 27. Rac1 Bb7 28. g4 Ra8 29. Bf4 Ra3 30. Ra1 Rea8 31. Bc1 R3a6 32. Ng3 Nb4 33. a3 Nd5 34. Ne4 Nb6 35. Qc2 Bxe4 36. Rxe4 Qd7 37. Bb2 Nd5 38. Rc1 R6a7 39. Kf1 Rc7 40. Qd1 Ng5 41. Nxg5 Bxg5 42. Rc2 Kf8 43. Qe2 Raa7 44. Kg1 Qc8 45. Qf1 Qa6 46. Re1 Nf4 47. Be4 Qa5 48. Kh2 Qb6 49. Kg3 Nd5 50. Bxd5 exd5 51. f4 Bd8 52. Qf2 g6 53. Qf3 gxh5 54. gxh5 Qe6 55. Qg4 Qxg4+ 56. Kxg4 Ke7 57. Rec1 c4 58. dxc4 dxc4 59. Bxd4 cxb3 60. Bc5+ Ke8 61. Rb2 Ra8 62. Rxb3 Rac8 63. Rxb5 Be7 64. Bxe7 Rxc1 65. Bb4 Rg1+ 66. Kf5 Rh1 67. Bd6 Rxh5+ 68. Kf6 Rh4 69. f5 Ra4 70. Rb7 h5 71. Re7+ Kd8 72. Rxf7 Rcc4 73. e6 1-0

[Event "Nezhmetdinov Memorial 31st"]
[Site "Kazan"]
[Date "2009.06.05"]
[Round "6"]
[White "Zakirova, Elina"]
[Black "Pavlov, Viktor"]
[Result "0-1"]
[WhiteElo "2084"]
[BlackElo "2041"]
[PlyCount "48"]
[EventDate "2009.05.31"]
[EventType "swiss"]
[EventRounds "9"]
[EventCountry "RUS"]
[SourceTitle "CBM 130 Extra"]
[Source "ChessBase"]
[SourceDate "2009.07.02"]
[SourceVersion "2"]
[SourceVersionDate "2009.07.15"]
[SourceQuality "1"]

1. e4 e6 2. d4 d5 3. Nd2 Nf6 4. e5 Nfd7 5. Ngf3 c5 6. c3 Nc6 7. Bd3 Qb6 8. dxc5 Bxc5 9. Qe2 Qc7 10. Bb5 0-0 11. Bxc6 bxc6 12. 0-0 a5 13. Re1 Ba6 14. Qd1 Qb6 15. Kh1 Bxf2 16. h3 Bxe1 17. Qxe1 Nc5 18. Qf2 Rab8 19. Kg1 Nd3 20. Qxb6 Rxb6 21. Nb3 a4 22. Nbd4 c5 23. Nc2 Nxc1 24. Rxc1 Rxb2 0-1

[Event "Central FO-ch"]
[Site "Gagarin"]
[Date "2009.05.02"]
[Round "2"]
[White "Pavlov, Viktor"]
[Black "Loskutov, Sviatoslav"]
[Result "0-1"]
[WhiteElo "2041"]
[BlackElo "2061"]
[PlyCount "68"]
[EventDate "2009.05.01"]
[EventType "swiss"]
[EventRounds "9"]
[EventCountry "RUS"]
[SourceTitle "CBM 130 Extra"]
[Source "ChessBase"]
[SourceDate "2009.07.02"]
[SourceVersion "2"]
[SourceVersionDate "2009.07.15"]
[SourceQuality "1"]

1. e4 c5 2. Nf3 e6 3. d4 cxd4 4. Nxd4 a6 5. Be3 Qc7 6. Bd3 Nf6 7. 0-0 b6 8. Nd2 Bb7 9. f4 d6 10. Qe2 Nbd7 11. a4 Be7 12. Bf2 0-0 13. c3 Rfd8 14. Rae1 Nc5 15. Bc2 d5 16. e5 Nfe4 17. Be3 g6 18. N4f3 b5 19. axb5 axb5 20. Ra1 Na4 21. Qxb5 Ra5 22. Bb6 Nxb6 23. Rxa5 Bc5+ 24. Kh1 Nf2+ 25. Rxf2 Bxf2 26. Qe2 Nc4 27. Ra2 Bb6 28. Nb3 Ne3 29. Bd3 d4 30. Nbxd4 Bxd4 31. Nxd4 Nxg2 32. Be4 Nxf4 33. Qf3 Rxd4 34. Bxb7 Rd1+ 0-1

[Event "Privolzhskogo FO-ch"]
[Site "Kazan"]
[Date "2009.01.29"]
[Round "9"]
[White "Politov, Pavel Y"]
[Black "Pavlov, Viktor"]
[Result "1-0"]
[WhiteElo "2201"]
[BlackElo "2050"]
[PlyCount "49"]
[EventDate "2009.01.21"]
[EventType "swiss"]
[EventRounds "9"]
[EventCountry "RUS"]
[SourceTitle "EXT 2010"]
[Source "ChessBase"]
[SourceDate "2010.11.25"]
[SourceVersion "1"]
[SourceVersionDate "2010.11.25"]
[SourceQuality "1"]

1. e4 e6 2. Nf3 d5 3. e5 c5 4. b4 c4 5. d3 cxd3 6. c3 f6 7. Bxd3 Nc6 8. b5 Nxe5 9. Nxe5 fxe5 10. Qh5+ Kd7 11. b6 a6 12. Bc2 Bc5 13. Qxe5 Nf6 14. c4 Bxf2+ 15. Ke2 Qxb6 16. Rd1 Bg1 17. Qg3 Rg8 18. Rxg1 Qxg1 19. Be3 Qh1 20. Bc5 Ne8 21. Bd4 dxc4 22. Nd2 Qxa1 23. Bxa1 g6 24. Nxc4 Ke7 25. Nb6 1-0

[Event "Privolzhskogo FO-ch"]
[Site "Kazan"]
[Date "2009.01.26"]
[Round "6"]
[White "Davydov, Stepan"]
[Black "Pavlov, Viktor"]
[Result "1-0"]
[WhiteElo "2197"]
[BlackElo "2050"]
[PlyCount "83"]
[EventDate "2009.01.21"]
[EventType "swiss"]
[EventRounds "9"]
[EventCountry "RUS"]
[SourceTitle "EXT 2010"]
[Source "ChessBase"]
[SourceDate "2010.11.25"]
[SourceVersion "1"]
[SourceVersionDate "2010.11.25"]
[SourceQuality "1"]

1. e4 e6 2. d4 d5 3. Nd2 Nf6 4. Bd3 Be7 5. Ngf3 c5 6. c3 Nc6 7. 0-0 cxd4 8. cxd4 dxe4 9. Nxe4 0-0 10. Ng3 h6 11. a3 b6 12. Re1 Bb7 13. Bc2 Bd6 14. Qd3 Bxg3 15. hxg3 Ne7 16. g4 Ng6 17. g5 hxg5 18. Bxg5 Qd6 19. Ne5 Nxe5 20. Rxe5 Rfc8 21. Bxf6 gxf6 22. Rh5 Kf8 23. Bb3 Rd8 24. Re1 Qxd4 25. Qg3 Qd3 26. Re3 Qb1+ 27. Kh2 e5 28. Qh4 Rd6 29. Rh8+ Ke7 30. Rxe5+ Kd7 31. Ba4+ b5 32. Bxb5+ Kc7 33. Re7+ Kb6 34. Rxa8 Bxa8 35. Qb4 Qh7+ 36. Kg1 a5 37. Qxd6+ Kxb5 38. Qb8+ Ka4 39. Qe8+ Kb3 40. Qxf7+ Qxf7 41. Rxf7 Kxb2 42. Ra7 1-0